000 003560000a22001690004500
999 _c47598
_d47598
001 353
003 CO-MdFUSB
005 20170816153823.0
008 170816b xxu||||| |||| 00| 0 eng d
040 _cCO-MdBIC
082 0 4 _a863C W170ba
110 1 _aWalt Disney
245 1 0 _aBambi
300 _a24 P.
650 1 4 _aLiteratura Infantil
942 _cLGB